<?xml version="1.0" encoding="UTF-8"?>
<record
    xmlns:xsi="http://www.w3.org/2001/XMLSchema-instance"
    xsi:schemaLocation="http://www.loc.gov/MARC21/slim http://www.loc.gov/standards/marcxml/schema/MARC21slim.xsd"
    xmlns="http://www.loc.gov/MARC21/slim">

  <leader>01148nam a2200253 a 4500</leader>
  <controlfield tag="001">000032773</controlfield>
  <controlfield tag="005">20200930065826.0</controlfield>
  <controlfield tag="008">100222s1921    dr            001 0 spa d</controlfield>
  <datafield tag="040" ind1=" " ind2=" ">
    <subfield code="a">DO-SdBNP</subfield>
    <subfield code="b">spa</subfield>
    <subfield code="c">BNPHU</subfield>
  </datafield>
  <datafield tag="082" ind1=" " ind2=" ">
    <subfield code="a">xxxx</subfield>
    <subfield code="b">R426l</subfield>
  </datafield>
  <datafield tag="110" ind1="1" ind2=" ">
    <subfield code="a">Rep&#xFA;blica Dominicana</subfield>
    <subfield code="9">447</subfield>
  </datafield>
  <datafield tag="240" ind1="1" ind2="3">
    <subfield code="a">[Leyes etc.]</subfield>
  </datafield>
  <datafield tag="245" ind1="1" ind2="0">
    <subfield code="a">Leyes generales para el gobierno de la G...O...U... De O..F...En .. A.... /</subfield>
    <subfield code="c">recopiladas por Edward H. Morris ; traductores P. M. V. P. Issac Flores, Jos&#xE9; N. Mao Kay, Mario E. Mazara y E. Arturo Alardo.</subfield>
  </datafield>
  <datafield tag="260" ind1=" " ind2=" ">
    <subfield code="a">La Romana, Rep&#xFA;blica Dominicana :</subfield>
    <subfield code="b">Imprenta "La Tarde",</subfield>
    <subfield code="c">1921 cm.</subfield>
  </datafield>
  <datafield tag="300" ind1=" " ind2=" ">
    <subfield code="a">125 p. : ;</subfield>
    <subfield code="c">18 cm.</subfield>
  </datafield>
  <datafield tag="500" ind1=" " ind2=" ">
    <subfield code="a">Comisi&#xF3;n ejecutiva de 1920 y 1922</subfield>
  </datafield>
  <datafield tag="500" ind1=" " ind2=" ">
    <subfield code="a">Redactadas por las Asambleas anuales y bienales celebradas en Am&#xE9;rica desde el a&#xF1;o 1845 hasta 1914 inclusive, con partes escojidas en las leyes generales inglesas y decisiones del S. G. A. de 1902 a 1907</subfield>
  </datafield>
  <datafield tag="700" ind1="1" ind2=" ">
    <subfield code="a">Morris, Edward H.</subfield>
    <subfield code="9">58602</subfield>
  </datafield>
  <datafield tag="700" ind1="1" ind2=" ">
    <subfield code="a">Flores, Issac</subfield>
    <subfield code="e">tr.</subfield>
    <subfield code="9">58603</subfield>
  </datafield>
  <datafield tag="700" ind1="1" ind2=" ">
    <subfield code="a">Mao Kay, Jos&#xE9; N.</subfield>
    <subfield code="e">tr.</subfield>
    <subfield code="9">58604</subfield>
  </datafield>
  <datafield tag="700" ind1="1" ind2=" ">
    <subfield code="a">Mazara, Mario E.</subfield>
    <subfield code="e">tr.</subfield>
    <subfield code="9">58605</subfield>
  </datafield>
  <datafield tag="700" ind1="1" ind2=" ">
    <subfield code="a">Alardo, E. Arturo</subfield>
    <subfield code="e">tr.</subfield>
    <subfield code="9">58606</subfield>
  </datafield>
  <datafield tag="049" ind1=" " ind2=" ">
    <subfield code="a">BNPD</subfield>
  </datafield>
  <datafield tag="952" ind1=" " ind2=" ">
    <subfield code="0">0</subfield>
    <subfield code="1">0</subfield>
    <subfield code="7">1</subfield>
    <subfield code="8">PD</subfield>
    <subfield code="a">PD</subfield>
    <subfield code="b">PD</subfield>
    <subfield code="c">CT</subfield>
    <subfield code="d">2011-07-26</subfield>
    <subfield code="i">LF1</subfield>
    <subfield code="l">0</subfield>
    <subfield code="o">xxxx R426l</subfield>
    <subfield code="p">32773-10</subfield>
    <subfield code="r">2020-06-25</subfield>
    <subfield code="w">2020-06-25</subfield>
    <subfield code="y">LFPD</subfield>
    <subfield code="Z">No se presta</subfield>
  </datafield>
  <datafield tag="999" ind1=" " ind2=" ">
    <subfield code="c">32264</subfield>
    <subfield code="d">32264</subfield>
  </datafield>
</record>
